[Event "Chigorin Mem. Russian Cup 2017"]
[Site "St. Petersburg"]
[Date "2017.10.28"]
[Round "8"]
[White "Sarana, Alexey"]
[Black "Volkov, Sergey"]
[Result "1-0"]
[WhiteElo "2543"]
[BlackElo "2638"]
[Annotator "TA"]
[PlyCount "137"]
[EventDate "2017.??.??"]
[EventType "swiss"]
[EventCountry "RUS"]
[SourceTitle "playchess.com"]
[Source "ChessBase"]
[SourceQuality "1"]

{[%evp 22,137,82,68,77,92,133,46,149,132,149,149,148,140,129,70,70,67,111,106,124,106,154,154,154,154,154,142,142,121,122,122,122,120,113,118,161,159,162,162,163,170,166,154,181,177,166,12,12,12,16,8,164,164,165,169,159,168,184,184,170,171,240,235,222,215,234,217,233,231,322,309,385,361,352,360,400,402,426,405,416,402,526,266,798,792,718,711,758,843,718,666,856,830,860,840,845,840,818,782,861,767,1399,1366,1232,1213,1796,694,6019,6540,5189,3077,29982,29983,29983,29984,29991,29991]} 1. d4 d5 2. c4 c6 3. Nf3 Nf6 4. Nc3 a6 5. e3 b5 6. b3 Bg4 7. Be2 e6 {D15: Slav Defence: 4 Nc3 a6 and gambit lines after 4 Nc3 dxc4} 8. h3 (8. O-O Be7 9. Bb2 O-O 10. Ne5 Bxe2 11. Nxe2 dxc4 12. bxc4 Nfd7 13. Nf3 Nb6 14. c5 Nc4 15. Qc2 Nd7 16. Rfd1 {½-½ (31) Artemiev,V (2653)-Morozevich,A (2676) Moscow 2016}) 8... Bf5 {[%cal Bg4f5,Bf5g6,Bg6e4][%mdl 32]} 9. g4 Bg6 10. Ne5 Ne4 11. Nxe4 Bxe4 12. f3 $1 {[%cal Rf3e4] LiveBook: 6 Games} Qh4+ 13. Kf1 Bg6 {[#]} 14. Qe1 $146 (14. c5 $1 $16) ({Predecessor:} 14. Bd2 Bd6 15. Nxg6 hxg6 {½-½ (60) Pelletier,Y (2566)-Maeser,F (2329) Switzerland 2016}) 14... Qd8 (14... Qxe1+ $14 15. Kxe1 Nd7) 15. h4 f6 16. Nxg6 hxg6 17. Bd3 f5 18. Qg3 ({White should try} 18. Bd2 $16) 18... Bd6 $14 19. f4 Kf8 20. c5 Bc7 21. a4 $36 {[%mdl 2048] Keeping Black busy.} b4 22. a5 Nd7 23. g5 $1 Bxa5 24. Bd2 Bc7 25. Rxa6 Rxa6 26. Bxa6 Qa8 27. Bd3 Qa2 28. Ke2 Ke7 29. Rb1 e5 30. fxe5 Nf8 31. Kd1 Ne6 32. Be1 (32. Bxb4 $6 f4 $16) 32... f4 33. exf4 Nxd4 34. Qe3 $2 (34. Bxb4 Nf5 $11) (34. Bxg6 Qe2+ 35. Kc1 Nf3 $17) (34. Qf2 $1 $18 {[%cal Rf2a2]} Qxf2 35. Bxf2) 34... Ne6 $1 $11 35. Bxg6 Rf8 36. Bg3 {Hoping for Bc2.} ({Wrong is} 36. Bxb4 $2 Nxf4 37. Bc2 Ng2 $19) 36... d4 $2 (36... Nxf4 $1 $11 {and Black has nothing to worry.} 37. Bxf4 Qg2) 37. Qd2 $1 $18 {[%cal Rd2a2]} Qxd2+ 38. Kxd2 {f5 is the strong threat.} Nxf4 39. Be4 Nh5 40. Be1 Bxe5 41. Ra1 Nf4 {[#]} (41... Rf1 $142) 42. Ra7+ $1 Ke6 {[#]} 43. Ra6 $1 d3 {Strongly threatening ...Bc3+.} 44. Rxc6+ Kd7 45. Ke3 Re8 46. Ra6 {aiming for Bc6+.} ({Don't take} 46. Bxb4 $6 Bb8 $18) 46... Bb8 47. Kf3 Nd5 {intending ...Rf8+.} 48. Bf5+ ({Weaker is} 48. Bxd5 Rxe1 49. Ra2 Rc1 $16) 48... Kd8 49. Re6 Rf8 50. Kg4 g6 51. Bxg6 Nf4 52. Ra6 Ng2 $2 (52... Nxg6 53. Rxg6 Rf4+ 54. Kh3 Be5) 53. Bd2 Rf2 54. Ra8 Rxd2 55. Rxb8+ {[%mdl 4096] Endgame KRB-KRN} Kc7 56. Rxb4 Ne3+ 57. Kh5 Rd1 58. Rd4 d2 59. Be4 Nf1 60. Bf3 Re1 61. g6 {[%cal Bg5g6,Bg6g7][%mdl 32]} Re7 62. Kh6 Re6 63. Kh7 Ng3 64. g7 Re7 65. Rxd2 Nf5 66. Rg2 Nxh4 67. Bd5 {White mates.} Nf5 68. Rg5 Re6 69. Bxe6 {Precision: White = 72%, Black = 52%.} 1-0

[Event "Chigorin Mem. Russian Cup 2017"]
[Site "St. Petersburg"]
[Date "2017.10.28"]
[Round "8"]
[White "Tsydypov, Zhamsaran"]
[Black "Kokarev, Dmitry"]
[Result "1-0"]
[WhiteElo "2529"]
[BlackElo "2622"]
[Annotator "TA"]
[PlyCount "73"]
[EventDate "2017.??.??"]
[EventType "swiss"]
[EventCountry "RUS"]
[SourceTitle "playchess.com"]
[Source "ChessBase"]
[SourceQuality "1"]

{[%evp 20,73,48,21,24,25,31,8,21,17,20,26,75,70,78,78,83,88,131,130,179,177,364,377,350,381,350,264,272,269,255,257,287,279,280,256,350,350,354,354,354,290,290,290,290,290,389,383,444,440,422,415,415,408,466,466]} 1. e4 c5 2. Nf3 d6 3. d4 cxd4 4. Nxd4 Nf6 5. Nc3 a6 6. Be2 e5 7. Nb3 Be7 8. O-O O-O 9. Qd3 Nbd7 {[%cal Bb8d7,Bd7c5,Bc5e6,Be6f4][%mdl 32] B92: Sicilian Najdorf: 6 Be2} (9... Be6 10. Bd2 Nbd7 11. Nd5 Bxd5 12. exd5 Nc5 13. Nxc5 dxc5 14. c4 Bd6 15. Qh3 e4 16. f4 exf3 17. Rxf3 Qd7 {½-½ (28) Nepomniachtchi,I (2751)-Karjakin,S (2773) Saint Louis 2017}) 10. a4 b6 11. Qg3 {LiveBook: 29 Games} Re8 {The position is equal.} 12. Bh6 {[%csl Gh6][%cal Rg3g7]} Bf8 13. Rad1 Bb7 14. Nd2 Nc5 {[%cal Rc5e4]} 15. Bg5 Ne6 $146 ({Predecessor:} 15... Rc8 16. Bc4 Ne6 17. Bd5 Bxd5 18. Bxf6 Qxf6 19. Nxd5 {1-0 (45) Petrienko,V (2395)-Zhelnin,V (2330) Sverdlovsk 1985}) 16. Bxf6 $1 Qxf6 {[#]} 17. Nc4 $1 $36 {[%mdl 2048] White is really pushing.} b5 18. axb5 Nf4 {...d5! is the strong threat.} 19. Nb6 Bxe4 {[#]} 20. Bf3 $1 (20. Nxa8 Bxa8 21. bxa6 Bxg2 $16) (20. bxa6 Nxe2+ 21. Nxe2 Rxa6 $11) 20... d5 $2 (20... Bxf3 21. Qxf3 Ra7) 21. Nxa8 $18 (21. Nxe4 dxe4 22. Nxa8 exf3 $11) 21... Rxa8 22. Bxe4 (22. Nxd5 Bxd5 23. Bxd5 (23. Rxd5 Nxd5 24. Bxd5 Rd8 $16) 23... Ne2+ 24. Kh1 Nxg3+) 22... dxe4 23. Qe3 axb5 24. Qxe4 Rc8 25. Nd5 Nxd5 26. Rxd5 ({Much less strong is} 26. Qxd5 $6 Rxc2 27. Qxb5 g6 $18) 26... b4 27. Re1 ({But not} 27. Qxe5 $6 Qxe5 28. Rxe5 Rxc2 $16) 27... g6 28. Rxe5 h5 29. g3 Bc5 30. Re8+ Rxe8 31. Qxe8+ {[%mdl 4096] Endgame KQR-KQB} Kg7 32. Re2 Bd4 33. Qe4 Bxb2 34. Qxb4 Bd4 35. Qb7 h4 36. Qe4 h3 37. Qg4 {Precision: White = 92%, Black = 35%.} 1-0

[Event "Chigorin Mem. Russian Cup 2017"]
[Site "St. Petersburg"]
[Date "2017.10.28"]
[Round "8"]
[White "Burmakin, Vladimir"]
[Black "Sengupta, Deep"]
[Result "0-1"]
[WhiteElo "2515"]
[BlackElo "2587"]
[Annotator "TA"]
[PlyCount "66"]
[EventDate "2017.??.??"]
[EventType "swiss"]
[EventCountry "RUS"]
[SourceTitle "playchess.com"]
[Source "ChessBase"]
[SourceQuality "1"]

{[%evp 19,66,-10,0,-16,16,0,0,-13,-11,-25,5,3,9,0,6,0,8,8,19,-26,-43,-32,-22,-63,-62,-74,-77,-175,-138,-187,-169,-173,-184,-239,-247,-243,-233,-379,-322,-295,-321,-373,-345,-530,-547,-557,-392,-1091,-703]} 1. Nf3 d5 2. g3 Nf6 3. c4 c6 4. b3 Bg4 5. Bg2 Nbd7 6. Bb2 e6 7. O-O Bd6 8. d3 O-O 9. h3 Bh5 10. Nc3 Qe7 {LiveBook: 4 Partien} 11. Rc1 {A12: Reti-Eröffnung (New-Yorker-System)} Ba3 $146 ({Vorgänger:} 11... Rad8 12. Qc2 Rfe8 13. cxd5 exd5 14. Nh4 Bg6 15. Nxg6 hxg6 16. e3 d4 17. exd4 Nb6 18. Ne4 Nbd5 {1-0 (64) Jerez Perez,A (2383)-Szoen,D (2452) Castelldefels 2006}) 12. Qc2 Rad8 13. Nb1 {Die Stellung ist ausgeglichen.} Bxb2 14. Qxb2 Qd6 15. Qa3 Qb8 16. Nbd2 Rfe8 17. Rfe1 e5 18. cxd5 cxd5 19. g4 Bg6 20. Nh4 Nf8 {[%cal Bd7f8,Bf8e6,Be6f4][%mdl 32]} 21. Qa5 Ne6 22. Nxg6 hxg6 23. Nf3 (23. Qb4 $17) 23... e4 $19 24. dxe4 dxe4 25. Nh2 b6 26. Qa3 {[#]} (26. Qc3 {war angesagt.}) 26... Nf4 $1 {Droht stark ...e3.} 27. Nf1 N6d5 {[%cal Bf6d5,Bd5f4,Bf4h3,Bh3f2,Bf2d3][%mdl 32]} 28. b4 (28. e3 {war die einzige Chance.} Nd3 29. Ng3) 28... Nxg2 29. Kxg2 {[#]} Nf4+ $1 30. Kg1 {[#]} e3 $1 {[%mdl 512]} 31. Nxe3 (31. fxe3 $142 Nxh3+ 32. Kg2) 31... Nxh3+ 32. Kg2 {[#]} Nxf2 $1 {[%mdl 512]} 33. Rf1 $2 {[#]} (33. Nf1 Nxg4 34. Qg3) (33. Kxf2 Qf4+) 33... Nd3 $1 {[%mdl 512] Precision: Weiß = 27%, Schwarz = 67%.} 0-1

[Event "Chigorin Mem. Russian Cup 2017"]
[Site "St. Petersburg"]
[Date "2017.10.28"]
[Round "8"]
[White "Mikaelyan, Arman"]
[Black "Batchuluun, Tsegmed"]
[Result "1/2-1/2"]
[WhiteElo "2503"]
[BlackElo "2571"]
[Annotator "TA"]
[PlyCount "164"]
[EventDate "2017.??.??"]
[EventType "swiss"]
[EventCountry "RUS"]
[SourceTitle "playchess.com"]
[Source "ChessBase"]
[SourceQuality "1"]

{[%evp 13,164,0,29,-6,-12,0,0,-2,0,-3,-5,0,-8,0,0,0,0,0,0,0,0,0,0,0,0,-5,0,0,0,0,0,0,0,0,0,0,0,0,3,12,27,0,0,12,53,41,43,56,47,54,54,49,59,61,162,158,224,231,269,249,247,202,345,253,275,260,318,316,310,311,304,299,321,285,232,336,329,334,333,236,500,475,462,440,509,339,633,587,688,660,655,619,635,8,8,0,535,618,327,8,8,8,131,0,0,0,0,0,0,0,0,0,0,0,0,0,0,0,0,0,0,0,0,0,0,0,0,0,0,0,0,0,0,0,0,0,0,0,0,0,0,0,0,0,0,0,0,0,0,0,0,0,0]} 1. d4 Nf6 2. c4 e6 3. Nf3 d5 4. Nc3 Be7 5. Bf4 O-O 6. e3 Nbd7 7. Qc2 c5 8. cxd5 {D37: Queen's Gambit Declined: 5 Bf4} cxd4 (8... Nxd5 9. Nxd5 exd5 10. Bd3 Qa5+ 11. Qc3 Qb6 12. a3 cxd4 13. Qxd4 Nc5 14. Bc2 Qb5 15. Be5 f6 {1-0 (40) Svidler,P (2749)-Adams,M (2736) Geneve 2017}) 9. exd4 Nxd5 10. Nxd5 exd5 11. a3 Re8 {With the idea ...Bg5+.} 12. Be2 Nf8 $146 ({Predecessor:} 12... Qa5+ 13. Bd2 Qb6 14. O-O Nf6 15. a4 Ne4 {½-½ (74) Sunilduth Lyna,N (2233)-Vaibhav,S (2430) Chennai 2011}) 13. O-O Bd6 14. Bxd6 Qxd6 15. Bd3 Bg4 16. Ne5 Bh5 17. Bf5 f6 18. Nd3 Bg6 19. Bxg6 Nxg6 20. Qb3 b6 21. Rfe1 Kf8 22. g3 Rxe1+ 23. Rxe1 Re8 24. Rc1 Qd7 25. a4 {[%cal Ba3a4,Ba4a5,Ba5a6][%mdl 32]} Ne7 26. a5 Qd6 27. a6 Rc8 28. Re1 Nc6 29. Nf4 Re8 30. Rxe8+ Kxe8 31. Nxd5 Nxd4 32. Qa4+ Nc6 33. Nxb6 Kd8 (33... Qe6 $14) 34. Nc4 $36 {[%mdl 2048] Keeping Black busy.} Qd5 (34... Qc5 $16 35. Ne3 Nd4) 35. Ne3 Qe6 36. Qa3 Kc7 37. Qd3 g6 (37... Ne5 $142 38. Qxh7 Qd7) 38. Qb5 Kd8 39. Qc5 Kd7 40. b4 {b5 is the strong threat.} Qe5 41. Qxe5 Nxe5 {[%mdl 4096] Endgame KN-KN} 42. b5 $1 Kc8 43. Kg2 f5 44. f4 Nf7 45. Nc4 Kc7 46. Kf3 Nd8 $2 (46... Nh6 47. h3 Ng8) 47. Ke3 Ne6 48. Kd3 h6 49. Ke3 g5 $2 (49... h5 50. Kd3 h4) 50. h3 gxf4+ 51. gxf4 h5 52. h4 Nf8 53. Kf3 $2 (53. b6+ $1 $18 axb6 54. a7) 53... Ne6 $11 54. Ke3 $2 {[%mdl 8192]} (54. Ne3 $11 Nd4+ 55. Kf2) 54... Nf8 $1 $18 55. b6+ $1 axb6 56. Nd6 $2 ({Only move:} 56. a7 $1 $18 {[%cal Ra7a8]} Kb7 57. Nxb6 $1 {[%mdl 512]} Kxa7 58. Nc8+ Kb7 59. Ne7) 56... Kb8 $11 57. Nxf5 {Strongly threatening Ng7.} Ng6 {[#]} (57... Ka7 $11) 58. Kf3 (58. Nd4 $1 $16) 58... Ka7 {The position is equal.} 59. Kg3 b5 60. Nd4 Kxa6 61. f5 Nf8 62. Kf4 {Hoping for Kg5.} Nh7 63. Ke5 {And now Ke6 would win.} b4 64. f6 Kb6 65. Nb3 Kb5 66. f7 Kc4 67. Na5+ Kb5 68. Nb3 Kc4 69. Nd2+ Kd3 70. Ne4 b3 71. Nc5+ Kc4 72. Nxb3 Kxb3 {KN-KPP} 73. Kf5 Kc4 74. Kg6 Nf8+ 75. Kxh5 {Black must now prevent Kh6.} Kd5 76. Kh6 {Threatens to win with Kg7.} Ke6 77. Kg7 Ke7 78. h5 Nh7 79. h6 Nf8 80. Kg8 Nh7 81. f8=Q+ Nxf8 82. h7 Nxh7 {Precision: White = 63%, Black = 66%.} 1/2-1/2

[Event "Chigorin Mem. Russian Cup 2017"]
[Site "St. Petersburg"]
[Date "2017.10.29"]
[Round "9"]
[White "Artemiev, Vladislav"]
[Black "Sarana, Alexey"]
[Result "0-1"]
[WhiteElo "2696"]
[BlackElo "2543"]
[Annotator "TA"]
[PlyCount "116"]
[EventDate "2017.??.??"]
[EventType "swiss"]
[EventCountry "RUS"]
[SourceTitle "playchess.com"]
[Source "ChessBase"]
[SourceQuality "1"]

{[%evp 9,116,-5,17,10,12,17,7,7,0,0,8,-7,6,8,0,0,0,-10,0,0,0,0,14,7,24,39,41,33,54,35,31,18,19,16,24,4,9,0,0,0,81,82,89,91,83,89,77,76,85,85,89,76,73,74,71,66,91,79,90,83,87,80,101,101,98,61,70,50,50,27,104,72,77,81,81,40,38,53,48,0,0,0,-8,-23,-23,-23,0,-155,-155,-155,-155,-155,-155,-155,-30,-30,-30,-30,-30,-30,-37,-30,-30,-104,-104,-29972,-29973,-29974,-29972]} 1. Nf3 d5 2. g3 g6 3. c4 Nf6 4. Bg2 Bg7 5. Qa4+ (5. cxd5 Nxd5 6. O-O c5 7. Nc3 O-O 8. Qb3 e6 9. d3 Nc6 10. Bg5 Qd7 11. Ne4 b6 12. h4 Bb7 13. h5 h6 14. Bd2 g5 15. Rfc1 f5 16. Nc3 {0-1 (34) Anand,V (2776)-Li,C (2746) Moscow 2016}) 5... Nbd7 {[%cal Bb8d7,Bd7b6,Bb6c4][%mdl 32]} 6. cxd5 {A15: English Opening: 1...Nf6} O-O 7. O-O Nxd5 8. Nc3 {The position is equal.} N7b6 9. Qa5 c6 10. d4 Bf5 $146 ({Predecessor:} 10... Bg4 11. Rd1 Nxc3 12. bxc3 Qd5 {½-½ (57) Markowski,T (2557)-Teclaf,P (2372) Warsaw 2017}) 11. Re1 Nxc3 12. bxc3 Be4 13. Qg5 Nc4 14. Qh4 Bxf3 $1 15. Bxf3 e5 16. Qxd8 Raxd8 17. Rb1 Rd7 18. e3 Re8 {[%cal Re5d4]} 19. Re2 Bf8 20. a4 Ba3 21. Bxa3 Nxa3 22. Ra1 Nc4 23. a5 e4 24. Bg2 c5 (24... f5 $11 {keeps the balance.}) 25. Ra4 $1 $36 {[%cal Ra4c4][%mdl 2048] White is in control.} b5 26. axb6 $1 Nxb6 27. Ra5 cxd4 28. cxd4 Rc7 29. Rea2 Ree7 30. Bf1 h5 31. Kg2 Kg7 32. Be2 Kf6 33. h3 Kg7 34. g4 h4 35. g5 Nc8 36. Bg4 Nb6 37. Kh2 Nc4 38. Rb5 Rb7 39. Rc5 Nb6 (39... Rb2 $11 40. Rxb2 Nxb2) 40. Rac2 Na4 41. Rc6 Nb6 42. Rd2 Nd5 43. Rc5 Nb4 44. d5 ({White should try} 44. Ra5 $14) 44... Re5 $1 $11 45. Rd4 Rxg5 46. Rcc4 {And now d6 would win.} Nd3 47. d6 {Threatens to win with d7.} Ne5 48. Rc8 $2 (48. Rc7 $11 Rxc7 49. dxc7 Nxg4+ 50. hxg4) 48... Rxg4 $17 49. hxg4 {[%mdl 4096] Endgame KRR-KRN} Nf3+ 50. Kh3 {Strongly threatening d7!} Nxd4 51. exd4 {[#] KR-KR} Rd7 (51... g5 $1 $17 {White must now prevent ...Rd7.} 52. Rc7 Rb3+ 53. Kg2 Kf6) 52. Kxh4 $11 Rxd6 53. Ra8 a6 54. Kg3 g5 55. Ra7 Kg6 56. f4 (56. Kg2 $11) 56... e3 $17 {Hoping for ...gxf4+.} ({Don't play} 56... Rxd4 $6 57. Rxa6+ f6 58. fxg5 $11) 57. Re7 $2 {[%mdl 8192] [#]} (57. f5+ $17 Kg7 58. d5) 57... Re6 $1 58. f5+ Kf6 {Precision: White = 59%, Black = 70%.} 0-1

[Event "Chigorin Mem. Russian Cup 2017"]
[Site "St. Petersburg"]
[Date "2017.10.29"]
[Round "9"]
[White "Alekseev, Evgeny"]
[Black "Abdusattorov, Nodirbek"]
[Result "1/2-1/2"]
[WhiteElo "2622"]
[BlackElo "2498"]
[Annotator "TA"]
[PlyCount "102"]
[EventDate "2017.??.??"]
[EventType "swiss"]
[EventCountry "RUS"]
[SourceTitle "playchess.com"]
[Source "ChessBase"]
[SourceQuality "1"]

{[%evp 14,102,0,0,7,6,9,4,15,15,18,26,21,13,12,-10,19,12,15,14,30,20,21,22,21,22,24,30,34,25,34,23,23,7,8,0,0,0,0,0,13,0,0,0,0,0,0,0,0,0,0,0,0,0,0,0,0,0,0,0,0,0,0,0,0,0,0,0,0,0,0,0,0,0,0,0,0,0,0,0,0,0,0,0,0,0,0,0,0,0,0]} 1. c4 e6 2. Nf3 Nf6 3. Nc3 d5 4. e3 Be7 5. b3 c5 6. cxd5 Nxd5 7. Bb2 O-O 8. Qc2 {LiveBook: 10 Games. A13: English Opening: 1...e6} b6 $146 (8... Nc6 {is more complex.} 9. a3 b6 10. Bd3 Nf6 11. Ne4 h6) ({Predecessor:} 8... Nc6 9. h4 h6 10. g4 Nxc3 11. dxc3 e5 12. g5 h5 13. Bc4 Be6 14. Bxe6 fxe6 15. Nd2 Qe8 {½-½ (40) Carlsen,M (2840)-Ganguly,S (2668) Doha 2016}) 9. Nxd5 exd5 10. d4 Be6 11. Bd3 h6 12. O-O Nc6 13. Be2 Rc8 14. Qd2 (14. Qc3 {keeps more tension.} f6 15. Rac1 Nb4 16. Qd2 Nxa2 17. Ra1) 14... cxd4 15. Nxd4 Nxd4 16. Bxd4 Bf6 17. Rac1 Bxd4 18. Qxd4 Qe7 19. b4 Rc7 20. Ba6 Rd8 {[%cal Bf8d8,Bd8d7,Bd7c7,Bc7c1][%mdl 32]} 21. a3 Qd6 22. Rfd1 Rdd7 23. Rxc7 Rxc7 {The position is equal.} 24. Bb5 Qf8 25. h3 Qc8 26. Be2 Rc1 27. Bf3 (27. a4 {with more complications.} Qc3 28. Rxc1 Qxc1+ 29. Bf1 Qe1 30. g4) 27... Qc3 28. Qxc3 Rxc3 29. Bxd5 Bxd5 30. Rxd5 Rxa3 $11 {[%mdl 4096] Endgame KR-KR} 31. g4 a5 32. bxa5 bxa5 33. Rd8+ Kh7 34. Rd7 Kg8 35. Ra7 Ra1+ 36. Kg2 a4 37. h4 a3 38. h5 g5 39. hxg6 fxg6 40. f4 a2 41. e4 h5 42. gxh5 gxh5 43. e5 h4 {[%cal Bh5h4,Bh4h3][%mdl 32]} 44. e6 h3+ 45. Kh2 Kf8 46. f5 Rf1 47. Rxa2 Rxf5 48. Kxh3 Re5 49. Ra6 Ke7 50. Kg4 Rxe6 51. Rxe6+ Kxe6 {Precision: White = 74%, Black = 79%.} 1/2-1/2

[Event "Chigorin Mem. Russian Cup 2017"]
[Site "St. Petersburg"]
[Date "2017.10.29"]
[Round "9"]
[White "Gordievsky, Dmitry"]
[Black "Bellaiche, Anthony"]
[Result "1-0"]
[WhiteElo "2605"]
[BlackElo "2493"]
[Annotator "TA"]
[PlyCount "149"]
[EventDate "2017.??.??"]
[EventType "swiss"]
[EventCountry "RUS"]
[SourceTitle "playchess.com"]
[Source "ChessBase"]
[SourceQuality "1"]

{[%evp 10,149,0,0,7,11,12,1,72,60,54,48,64,68,52,52,126,119,113,119,97,103,146,130,250,114,109,109,109,114,104,101,108,114,135,132,202,161,195,141,202,195,195,200,202,196,238,179,231,0,228,208,200,168,183,169,242,187,228,232,208,237,218,207,213,186,194,150,156,145,175,168,177,95,188,181,223,208,283,302,283,261,274,223,227,237,392,366,466,329,493,474,488,482,501,493,623,606,635,569,629,622,625,620,581,389,389,389,692,685,676,678,647,614,615,603,859,853,1220,1193,1225,1199,1157,1149,1130,1099,1067,1002,1232,1216,1227,1214,2163,2122,5323,5208,2084,2084,2131,1914,29984,29985]} 1. Nf3 d5 2. g3 g6 3. c4 c6 4. Qa4 d4 (4... dxc4 5. Qxc4 Bg7 6. d4 Be6 7. Qa4 Bd5 8. Nbd2 Nf6 9. Qc2 Qa5 10. Bg2 c5 11. O-O cxd4 12. Qc8+ {½-½ (88) Yu,Y (2750)-Ding,L (2759) Shenzhen 2017}) 5. d3 Bg7 6. Bg2 {LiveBook: 10 Partien. A11: Reti-Eröffnung} Nf6 7. b4 O-O 8. Bb2 $146 {Die Stellung ist ausgeglichen.} ({Vorgänger:} 8. O-O a5 9. Bb2 Nfd7 10. a3 Na6 11. Nbd2 e5 {1-0 (35) Bezold,M (2509)-Van Wely,L (2632) Berlin 2015}) 8... e5 (8... Nfd7 $11) 9. Nxe5 $16 Re8 10. Nf3 $1 Qe7 {[%csl Ge8][%cal Re7e2]} 11. Nxd4 Ng4 $1 {Droht ...Lxd4 und aus.} 12. O-O {Droht stark Sa3.} Ne3 ({Lieber} 12... Rd8 $1 $14) 13. fxe3 Qxe3+ 14. Kh1 Bxd4 15. Nc3 Nd7 16. Qc2 Nf6 (16... Qh6 $16) 17. Nd1 (17. Rf4 $1 $18 {[%cal Rf4d4]} Ng4 18. Raf1) 17... Qe5 {...Lxb2 wäre jetzt gut für Schwarz.} 18. Bxd4 Qxd4 19. Qc3 Qxc3 20. Nxc3 Ng4 21. Rf4 g5 22. Rd4 $36 {[%mdl 2048] Weiss hat starke Initiative.} f5 (22... Ne3 $16) 23. Rb1 Ne3 24. Bf3 ({Besser ist} 24. b5 $18 c5 25. Rd6) 24... a6 {[#]} (24... Be6 $16 25. b5 g4) 25. Kg1 $1 $18 Be6 26. Kf2 Nc2 27. Rd6 Kf8 28. Bh5 Re7 (28... Rad8 $142) 29. Bf3 Ree8 $1 30. Rb2 Na3 31. Rd4 Ke7 32. e3 Rec8 (32... Rab8 $142 33. Na4 b5) 33. Bd1 b5 {[%cal Rb5c4] [#]} 34. c5 $1 a5 35. Bf3 axb4 36. Rdxb4 Ra6 37. Ke2 Rd8 38. Rd2 h6 39. Kd1 Kf6 40. Kc1 Bf7 41. Bd1 (41. e4 $18) 41... Re8 (41... Ra7 $16) 42. e4 Re5 43. d4 Rxe4 44. Nxe4+ fxe4 45. Rf2+ Ke7 46. Re2 Bd5 47. Bb3 Nc4 $2 (47... Kd7 {kämpft weiter.} 48. Rf2 (48. Bxd5 cxd5 49. Kb2 Nc4+ 50. Kc3 Ra5 $18) 48... Nc4) 48. a4 Ke6 49. Bc2 e3 (49... bxa4 {war einen Versuch wert.} 50. Rxa4 (50. Bd3 a3 $16) 50... Rxa4 51. Bxa4 Kf5) 50. Bb3 Ra5 51. Kc2 Kf5 52. Bxc4 bxc4 53. Rxe3 {[%mdl 4096] Endspiel KTT-KTL} Kg4 54. Kc3 Kh3 55. Re2 Ra8 56. Ra2 Rf8 {beabsichtigt ...Tf3+.} 57. Rxc4 Rf1 {Und weiter mit ...Tc1+ wäre nett.} 58. Rc2 Be4 $2 (58... Rb1 59. Rb4 Ra1) 59. Kb4 Rb1+ 60. Ka5 Rb8 61. Rd2 Bd5 62. Rc3 h5 63. Ra3 g4 64. Ka6 Rb4 65. a5 h4 66. gxh4+ Kxh4 67. Ka7 Kg5 68. h3 gxh3 69. Rxh3 Ra4 70. Kb6 Rb4+ 71. Kc7 Ra4 72. Rf2 Rxa5 73. Rg3+ Kh4 74. Rg6 {[%cal Rf2h2]} Kh5 75. Rg1 {Precision: Weiß = 68%, Schwarz = 37%.} 1-0

[Event "Chigorin Mem. Russian Cup 2017"]
[Site "St. Petersburg"]
[Date "2017.10.29"]
[Round "9"]
[White "Kobalia, Mikhail"]
[Black "Tsydypov, Zhamsaran"]
[Result "1-0"]
[WhiteElo "2596"]
[BlackElo "2529"]
[Annotator "TA"]
[PlyCount "55"]
[EventDate "2017.??.??"]
[EventType "swiss"]
[EventCountry "RUS"]
[SourceTitle "playchess.com"]
[Source "ChessBase"]
[SourceQuality "1"]

{[%evp 20,55,24,27,47,15,56,42,86,77,86,81,85,83,131,143,138,141,150,132,156,160,168,163,157,143,260,273,262,234,293,292,498,504,498,489,518,527]} 1. e4 e5 2. Nf3 Nc6 3. Bb5 {[%cal Bf1b5,Bb5a4,Ba4b3][%mdl 32]} a6 4. Ba4 Nf6 5. O-O Be7 6. d3 b5 7. Bb3 d6 8. a4 b4 9. a5 O-O 10. Nbd2 Bg4 {C84: Closed Ruy Lopez: Unusual White 6th moves} (10... Rb8 11. Re1 Be6 12. Bxe6 fxe6 13. Nb3 Qc8 14. Qe2 Nd8 15. d4 exd4 16. Nbxd4 c5 17. Nb3 e5 18. Nbd2 Ne6 19. Nc4 Nd4 20. Nxd4 cxd4 {½-½ (43) Caruana,F (2807)-Carlsen,M (2822) Saint Louis 2017}) 11. h3 {LiveBook: 6 Games} Bh5 12. c3 Qc8 $146 {The position is equal.} ({Predecessor:} 12... bxc3 13. bxc3 d5 14. Qe2 d4 15. Ba4 Nxa5 16. cxd4 exd4 17. g4 Nxg4 18. hxg4 Bxg4 19. Rb1 Qd6 20. Re1 {½-½ (20) Grigoriants,S (2561)-Daulyte,D (2223) Cappelle-la-Grande 2012}) 13. Re1 Rd8 14. Nf1 bxc3 15. bxc3 Rb8 {aiming for ...Bxf3.} 16. Bc4 d5 17. exd5 Nxd5 {[#]} 18. Bd2 $1 f6 19. Qa4 Qd7 20. Bxa6 Bxf3 21. gxf3 Qe6 22. Bc4 {[#] Hoping for Ne3.} Na7 (22... Bc5 $16 23. Be3 Ba7) 23. Reb1 $18 {[%cal Be1b1,Bb1b7,Bb7b8][%mdl 32]} Ra8 24. Rb7 {Threatens to win with Rxc7!} c6 25. Be3 Rd7 $2 (25... Nc8 26. a6 Kh8) 26. a6 {White is clearly winning.} Nc8 27. Rab1 f5 28. Rb8 {Precision: White = 85%, Black = 27%.} 1-0